00285nam a22001097a 4500020000800000040001600008082001700024100002300041245004700064260003500111300002900146 qPB. cFIZZA ISHAQ a338.973bDON a Donovan , John C. aThe politics of poverty /cJohn C Donovan. aNew York:b‎ Pegasus,c1967. a157 P. ;c8 X 5.3 inches